000 01022nam0a22003011 4500
001 rc\4970147
005 20250613052240.0
021 _aRU
_b[65-51392]
035 _a(NLR Aleph) 008963157
090 _a9077179
_c9077179
100 _a20130426d1965 |||y0rusy50 ca
101 1 _arus
_cukr
102 _aRU
105 _aa z |||c|
200 1 _aО хорошем в людях
_e[Очерки
_fПредисл. И. Тетерука]
_gАвториз. пер. с укр. Т. Стах
210 _aМосква
_cПолитиздат
_d1965
215 _a223 с.
_cил.
_d16
225 1 _aВремя и люди
606 _aКоммунистическая мораль
_2psbo
700 1 _aРыльский
_bМ.Ф.
_f1895-1964
_gМаксим Фаддеевич
701 1 _aСмолич
_bЮ.К.
_gЮрий Корнеевич
702 1 _aТетерук
_bИ.
_4080
702 1 _aСтах
_bТ.
_4730
801 0 _aRU
_bNLR
_gpsbo
801 1 _aRU
_bELAR
_2rusmarc
852 _aNLR
_j65-2/1516
942 _cBOOK
980 _aNB